Computer graphics using object-oriented programming / Steve Cunningham...[ et. al.] (Registro nro. 11969)
[ vista simple ]
| 000 -LÍDER | |
|---|---|
| fixed length control field | 00541nam a2200157 4500 |
| 008 - ELEMENTOS DE LONGITUD FIJA -- INFORMACIÓN GENERAL | |
| fixed length control field | 0 1992 0a 000 0USA |
| 020 ## - NÚMERO INTERNACIONAL NORMALIZADO PARA LIBROS | |
| ISBN | 0-471-54199-0 |
| 050 ## - SIGNATURA TOPOGRAFICA DE LA BIBLIOTECA DEL CONGRESO (LC) | |
| Número de Clasificación | T385 C973 |
| 082 ## - NUMERO DE CLASIFICACION DECIMAL DEWEY | |
| Número de Clasificación | 001.642 C284c |
| 100 ## - ASIENTO PRINCIPAL--NOMBRE PERSONAL | |
| Nombre personal | Cunningham, Steve |
| 245 ## - TÍTULO | |
| Título | Computer graphics using object-oriented programming / Steve Cunningham...[ et. al.] |
| 260 ## - PUBLICACIÓN, DISTRIBUCIÓN, ETC. (PIE DE IMPRENTA) | |
| Lugar de publicación, distribución, etc. | United States of America : John Wiley |
| 300 ## - DESCRIPCIÓN FÍSICA | |
| Extensión | xii, 302 p. / 23 cm. |
| 500 ## - NOTA GENERAL | |
| Nota general | Incluye índice y bibliografía |
| 650 ## - ASIENTO SECUNDARIO DE MATERIA - TERMINO TEMÁTICO | |
| Término temático o nombre geográfico como elemento de entrada | 1.COMPUTER gRAPHICS \ 2.OBJECT-ORIENTED PROGRAMMING |
| No. biblioteca | No. biblioteca | Número de clasificación | Código de barras/Número de adquisición | Número de copia | Tipo de material |
|---|---|---|---|---|---|
| LUIS G. INCLAN | LUIS G. INCLAN | 001.642 C284c | 23888 | 4 | Libros |
